00564 a2200157 4500010001400000020002300014035001300037037001500050082001100065100002900076245007500105260004000180270011000220300002600330500005000356 aENG-89238 a8181981081c695.00 aEN-72771 bDBAD / PUB14a303.441 aShekhawat, Prahlad Singh1 aAspects of human development and culture /cby Prahlad Singh Shekhawat aJaipurbUniversity Book Housec2006 a79, Chaura Rasta, JaipurbJaipure302 003cRajasthank0141-2311466l0141-2313382muni_bookhouse@yahoo.com aix, 171p.c22cm (Hb) aIncludes bibliographical references and index